Life buoy | ലൈഫ് ബോയ് (Record no. 17659)
[ view plain ]
| 000 -LEADER | |
|---|---|
| fixed length control field | 01479nam a22001817a 4500 |
| 003 - CONTROL NUMBER IDENTIFIER | |
| control field | OSt |
| 008 - FIXED-LENGTH DATA ELEMENTS--GENERAL INFORMATION | |
| fixed length control field | 230506b |||||||| |||| 00| 0 eng d |
| 041 ## - LANGUAGE CODE | |
| Language code of text/sound track or separate title | MAL |
| 082 ## - DEWEY DECIMAL CLASSIFICATION NUMBER | |
| Classification number | 158.1 |
| Item number | PRA/LI |
| 100 ## - MAIN ENTRY--AUTHOR NAME | |
| Personal name | Prasanth Nair |
| -- | പ്രശാന്ത് നായർ |
| 245 ## - TITLE STATEMENT | |
| Title | Life buoy |
| Remainder of title | ലൈഫ് ബോയ് |
| 250 ## - EDITION STATEMENT | |
| Edition statement | 2 |
| 260 ## - PUBLICATION, DISTRIBUTION, ETC. (IMPRINT) | |
| Place of publication | Kottayam |
| Name of publisher | DCBOOKS |
| Year of publication | 2022 |
| 300 ## - PHYSICAL DESCRIPTION | |
| Number of Pages | 216 |
| 500 ## - GENERAL NOTE | |
| General note | self help |
| 520 ## - SUMMARY, ETC. | |
| Summary, etc | അനുഭവങ്ങൾക്കും അപ്പുറം ജീവിതത്തെപ്പറ്റിയുള്ള വീക്ഷണങ്ങൾ ആണ് ഇത്തവണ പ്രശാന്തിന്റെ പുസ്തകത്തിന്റെ ഉള്ളടക്കം. വിജയവും പരാജയവും വാശിയും കുശുമ്പും ഉൾപ്പെടെ നിത്യജീവിതത്തിൽ നമ്മൾ എല്ലാവരും അനുഭവിക്കുന്ന പ്രശ്നങ്ങളെയാണ് അദ്ദേഹം കൈകാര്യം ചെയ്യുന്നത്. സൂക്ഷ്മമായ നിരീക്ഷണം, ആഴത്തിലുള്ള ചിന്ത, നിറഞ്ഞു നിൽക്കുന്ന നർമ്മബോധം, എളുപ്പമുള്ള ഭാഷ... ഇതൊക്കെക്കൊണ്ട് ഈ പുസ്തകം സമ്പുഷ്ടമാണ് |
| 942 ## - ADDED ENTRY ELEMENTS (KOHA) | |
| Koha item type | Books |
| Withdrawn status | Lost status | Damaged status | Collection code | Home library | Current library | Shelving location | Date acquired | Cost, normal purchase price | Full call number | Accession Number | Koha item type |
|---|---|---|---|---|---|---|---|---|---|---|---|
| Fiction | KAUAET | KAUAET | Fiction | 06/05/2023 | 260.00 | 158.1 PRA/LI | 26222 | Books |
